000 00620nam a22002177a 4500
003 IT-MiCISF
005 20250417113242.0
008 241217b |||||||| |||| 00| 0 eng d
040 _cIT-MiCISF
041 _ait
100 _aTabacchi Alessia
_958522
245 _aAccompagner la problematisation dans un monde marqué par la complexité
250 _aConsultori familiari oggi", n. 2, luglio-dicembre
260 _c2024
300 _app. 43-57
362 _asemestrale
500 _aconsulenza, tecniche-di-consulenza, teoria
650 _aConsulenza-familiare
654 _aarticolo
942 _2ddc
_cCR
999 _c360287
_d360287